000 00626nam a2200229Ia 4500
003 OSt
005 20220923230707.0
006 a|||||r|||| 00| 0
007 ta
008 Pun
024 _a304,823
037 _cTextual
040 _aARTS
_cARTS
_bPun
041 _2Pun
_aPun
082 _aV236y7M99, 153L6
100 _aਸੇਠੀ, ਸੁਰਜੀਤ ਸਿੰਘ
245 0 _aਲੰਘ ਗਏ ਦਰਿਆ
260 _c1976
650 _aਭਾਰਤੀਯ ਇਤਿਹਾਸ
942 _hV236y7M99, 153L6
_cTEXL
_2CC
999 _c386630
_d386630